logo

Bir Sreshtho Munshi Abdur Rouf Library
Jhenaidah Cadet College

Collected poems 1909-1962 / (Record no. 6622)

MARC details
000 -LEADER
fixed length control field 01283nam a22002891a 4500
001 - CONTROL NUMBER
JCCL Control Number 6622
003 - CONTROL NUMBER IDENTIFIER
JCCL marc code UkOxU
005 - DATE AND TIME OF LATEST TRANSACTION
control field 20180215123215.0
008 - FIXED-LENGTH DATA ELEMENTS--GENERAL INFORMATION
fixed length control field 020621r19991974xxk o eng d
035 ## - SYSTEM CONTROL NUMBER
system control number (Uk-CbPIL)Z000557506
040 ## - CATALOGING SOURCE
Original cataloging agency UK-CbPIL
Transcribing agency UK-CbPIL
Modifying agency BD-JhCC
041 ## - LANGUAGE CODE
Language code of Book eng
082 ## - DEWEY DECIMAL CLASSIFICATION NUMBER
Classification number 821.008
Author mark and Year ELI 1999
100 1# - MAIN ENTRY--PERSONAL NAME
Personal name Eliot, T. S.
Fuller form of name (Thomas Stearns),
Dates associated with a name 1888-1965.
245 10 - TITLE STATEMENT
Title Collected poems 1909-1962 /
Statement of responsibility, etc T. S. Eliot
256 ## - COMPUTER FILE CHARACTERISTICS
Computer file characteristics Electronic data.
260 ## - PUBLICATION, DISTRIBUTION, ETC. (IMPRINT)
Place of publication, distribution, etc Cambridge :
Name of publisher, distributor, etc Chadwyck-Healey (a Bell & Howell Information and Learning Company),
Date of publication, distribution, etc 1999.
300 ## - PHYSICAL DESCRIPTION
Pagination 238 p. :
Dimensions 24cm.
500 ## - GENERAL NOTE
General note Preliminaries, editorial matter and notes omitted.
500 ## - GENERAL NOTE
General note Online access provided by ProQuest as part of Chadwyck-Healey literature collections.
534 ## - ORIGINAL VERSION NOTE
Introductory phrase Transcribed from:
Main entry of original Eliot, T. S. (Thomas Stearns), 1888-1965.
Title statement of original Collected poems 1909-1962
Publication, distribution, etc London : Faber and Faber, 1974.
Physical description, etc 238 p.
540 ## - TERMS GOVERNING USE AND REPRODUCTION NOTE
Terms governing use and reproduction Copyright (c) 2000 Bell & Howell Information and Learning Company. All Rights Reserved. Do not export or print from this database without checking the Copyright Conditions to see what is permitted.
540 ## - TERMS GOVERNING USE AND REPRODUCTION NOTE
Terms governing use and reproduction (c) Copyright T.S. Eliot, 1974, reproduced under licence from Faber and Faber Ltd.
650 ## - SUBJECT ADDED ENTRY--TOPICAL TERM
Topical term or geographic name as entry element Poems
942 ## - ADDED ENTRY ELEMENTS (KOHA)
Source of classification or shelving scheme Dewey Decimal Classification
Koha item type Books
Holdings
Source of classification or shelving scheme Damaged status Not for loan Home library Current library Shelving location Total Checkouts Full call number Barcode Date last seen Copy number Koha item type
Dewey Decimal Classification     JCC Rouf Library JCC Rouf Library General Stacks   821.008 ELI 1999 9099 01/27/2018 C - 1 Books

JCC Library | Contacts | JCC Home

Last Update on 23 September 2017
Copyright @ 2017-2020 JCC Rouf Library
Rouf Library, Jhenidah Cadet College (JCC), Bangladesh